<?xml version="1.0" encoding="UTF-8"?>
<collection xmlns="http://www.loc.gov/MARC21/slim">
  <record>
    <leader>00000nam  2200000   4500</leader>
    <controlfield tag="001">INLIS000000000017413</controlfield>
    <controlfield tag="005">20240807013627</controlfield>
    <datafield tag="035" ind1="#" ind2="#">
      <subfield code="a">0010-0824000034</subfield>
    </datafield>
    <controlfield tag="007">ta</controlfield>
    <controlfield tag="008">240807################|##########|#|##</controlfield>
    <datafield tag="100" ind1=" " ind2="#">
      <subfield code="a">Khadijah</subfield>
    </datafield>
    <datafield tag="245" ind1="1" ind2="#">
      <subfield code="a">Samuri :</subfield>
      <subfield code="b">Meningkatkan Pengetahuan Masyarakat Tentang Kelainan Rongga Mulut Dan Potensi Menjadi Kanker Dengan Deteksi Dini Melalui Pemeriksaan Mulut Sendiri</subfield>
    </datafield>
    <datafield tag="250" ind1="#" ind2="#">
      <subfield code="a">1</subfield>
    </datafield>
    <datafield tag="260" ind1="#" ind2="#">
      <subfield code="a">Makassar :</subfield>
      <subfield code="b">Puslatbang KMP,</subfield>
      <subfield code="c">2022</subfield>
    </datafield>
    <datafield tag="300" ind1="#" ind2="#">
      <subfield code="a">45 :</subfield>
      <subfield code="b">ilus ;</subfield>
      <subfield code="c">30</subfield>
    </datafield>
    <datafield tag="500" ind1="#" ind2="#">
      <subfield code="a">Coach: Widianto, ST,.MM  Mentor: drg. Dian Angriany, Sp.PM</subfield>
    </datafield>
    <datafield tag="600" ind1="#" ind2="4">
      <subfield code="a">Proyek Perubahan Administrator Pemerintahan Peningkatan Pelayanan Meningkatkan Pengetahuan Masyarakat Tentang Kelainan Rongga Mulut Dan Potensi Menjadi Kanker Dengan Deteksi Dini Melalui Pemeriksaan Mulut Sendiri</subfield>
    </datafield>
    <datafield tag="856" ind1="#" ind2="#">
      <subfield code="a">Perpustakaan Puslatbang KMP Makassar</subfield>
    </datafield>
  </record>
</collection>
